[Event "BIH-chT"]
[Site "Neum"]
[Date "2002.06.02"]
[Round "1.2"]
[White "Palac, Mladen"]
[Black "Golubovic, Boris"]
[Result "1-0"]
[WhiteElo "2574"]
[BlackElo "2462"]
[Annotator "Cifuentes Parada,L"]
[PlyCount "95"]
[EventDate "2002.06.02"]
[EventType "team"]
[EventRounds "9"]
[EventCountry "BIH"]
[SourceTitle "CBM 090"]
[Source "ChessBase"]
[SourceDate "2002.09.20"]
[SourceVersion "1"]
[SourceVersionDate "2002.09.20"]
[SourceQuality "1"]
[WhiteTeam "Kiseljak"]
[BlackTeam "Brijeg"]
[WhiteTeamCountry "BIH"]
[BlackTeamCountry "BIH"]

1. e4 d6 2. d4 Nf6 3. Nc3 e5 4. dxe5 $6 (4. Nf3 $1) 4... dxe5 5. Qxd8+ Kxd8 6.
Bg5 (6. Bc4 Bb4 $5 7. Bd2 (7. Bxf7 $6 Rf8 8. Bb3 (8. Bc4 Nxe4 9. Nge2 Nxf2 (
9... Bf5 10. O-O Nxc3 11. Nxc3 c6 12. Bb3 Nd7 13. Bg5+ Kc7 $11) 10. Rf1 Ng4 11.
Rxf8+ Bxf8 12. Bg5+ Be7 13. Rd1+ Nd7 14. Bxe7+ Kxe7 15. Nd5+ Kd8 16. h3 Ngf6
17. Nxf6 gxf6 18. Nc3 c6) 8... Nxe4 9. f3 Nxc3 10. a3 Bc5 11. bxc3 c6 $15) 7...
Ke7 (7... Be6) 8. O-O-O Nbd7 9. Nf3 c6 $11) 6... Be6 7. f4 (7. O-O-O+ Nbd7 8.
f4 exf4 9. Nf3 h6 $1 10. Bxf4 Bc5 (10... c6 11. Nd4 Bb4 12. e5 $1 Bxc3 13. exf6
Bxd4 14. Rxd4 gxf6 15. Be2 $14) (10... Ng4) 11. Be2 Ng4 12. Ne5 Ngxe5 13. Bxe5
f6 14. Bf4 c6 15. Rd3 Kc8 16. Na4 Be7 $10 {Pedzich,D-Nesterov,J,Miedzybrodzie
Zyw. 1991}) 7... exf4 8. Nf3 (8. e5 $6 h6 9. Bxf4 (9. Bh4 g5 10. exf6 gxh4 $15)
9... Ng4 $1 $15 (9... Nfd7 10. h4 $1 $14) 10. h3 g5 11. hxg4 gxf4 12. O-O-O+
Nd7 13. g5 Bg7 $11 {0-1 de Firmian,N-Ubilava,E/Moskva (GMA) 1989}) (8. O-O-O+
Nbd7 9. Nf3 h6 $1 10. Bxf4 c6 11. Nd4 Bb4 $11) 8... Nbd7 $1 (8... h6 9. Bxf4
Nbd7 (9... c6 10. O-O-O+ Nbd7 11. e5 Nd5 12. Nxd5 Bxd5 13. Nd4 Bc5 14. Nf5 g5
$1 15. Bg3 Be6 16. Bd3 Kc7 17. Rhf1 Raf8 18. c3 a5 19. Nd6 f6 20. exf6 Bxd6 21.
Bxd6+ Kxd6 22. Bf5+ Kc7 23. Bxe6 Nxf6 $11) 10. Nd4 Bb4 11. Nxe6+ fxe6 12. Bd3
Bd6 13. Be3 Bc5 14. Bd2 Ke7 15. Na4 Bd6 16. Be3 a6 17. a3 b5 18. Nc3 c5 19. Be2
Rac8 20. O-O c4 21. Kh1 Be5 22. Bf3 Nc5 23. Rae1 Rhf8 24. g3 Nfd7 25. Kg1 Nb6
26. Re2 Nba4 27. Nxa4 Nxa4 28. b3 cxb3 29. cxb3 Nc5 30. Bxc5+ Rxc5 31. Rd2 Rc3
32. Bd1 Rxf1+ 33. Kxf1 h5 34. Ke2 h4 35. Rd3 Rxd3 36. Kxd3 hxg3 37. hxg3 Bxg3
38. a4 Kd6 39. axb5 axb5 40. Bg4 {1/2-1/2 Moskalenko,V-Kasparov,S/Minsk 1996/
EXT 2000 (40)}) (8... Kc8 $5 9. O-O-O Nbd7 10. Bxf4 Bb4 11. Nd5 Bxd5 12. exd5
Ng4 13. Bg3 (13. Rd4 Bc5 14. Rc4 Re8) 13... Bd6 $1 14. Rd4 Ngf6 $11) 9. e5 (9.
O-O-O h6 $1 10. Bxf4 c6 11. a3 Ng4 12. Ne5 Ngxe5 13. Bxe5 Ke8 14. Bd4 f6 15.
Ne2 Ne5 16. Nf4 Bf7 17. Be2 Bd6 18. Rhf1 Ke7 $15 19. Nh5 Rhg8 20. Bc3 Rad8 21.
Be1 Nc4 22. Bf2 Bxh5 23. Bxc4 Bxd1 24. Bxg8 Bf4+ 25. Kb1 Bxc2+ 26. Kxc2 Rxg8
27. Bxa7 Bxh2 28. Bb6 Bd6 29. Kd3 Ke6 30. Ke3 h5 31. Kf3 Be5 32. Rf2 g5 33. Rc2
g4+ 34. Kf2 h4 35. Kg1 h3 36. gxh3 gxh3+ 37. Kh1 Rg3 {0-1 Bevilacqua,R-Somlai,
L/Mendrisio 1999/EXT 2000 (37)}) 9... h6 10. Bh4 (10. Bxf4 Ng4 11. h3 g5 $1)
10... g5 11. Nxg5 hxg5 12. Bxg5 Rg8 $1 (12... Be7 $6 13. exf6 Bxf6 14. Bxf4 $14
) (12... Bh6 13. Bxf6+ (13. Bh4 Bg7 $11) 13... Nxf6 14. exf6 f3 15. Rd1+ Kc8
16. gxf3 Bf4 17. Nd5 Bxd5 18. Rxd5 c6 $11) 13. Bxf6+ Nxf6 14. exf6 c6 15. Ne2
Kc7 $6 (15... Bd6 $1 16. O-O-O Kc7 $44) 16. Nxf4 Re8 17. Bd3 (17. Nxe6+ Rxe6+
18. Kd2 Rxf6 (18... Bh6+ 19. Kc3 Bg5 20. g3 Bxf6+ 21. Kb3) 19. Re1 $11) 17...
Bxa2+ $2 (17... Bd7+ $1 18. Kf1 Bd6 19. Nh5 (19. Ne2) 19... Rg5 20. Ng3 Re6 (
20... Bxg3 21. hxg3 Re6 22. Rh6) 21. Ne4 Rf5+ 22. Nf2 $8 Rfxf6 23. Be2 Re3 $1
24. Re1 Be6 $44) 18. Kf1 Bd6 19. Rxa2 Bxf4 20. g3 Be5 21. Rxa7 Re6 (21... Bxb2
22. Kg2 Bd4 23. Ra4 $14) 22. Kg2 Rxf6 23. Re1 Bd6 24. Raa1 $16 Rh6 25. Bf5 Rh5
26. Rf1 f6 27. Rad1 Rg7 28. Rd3 Be5 29. b3 Kb6 30. Rd7 Rgg5 31. Bd3 f5 32. Rf7
f4 33. R7xf4 $1 Bxf4 34. Rxf4 $18 Kc5 35. g4 Rh8 36. Kg3 Re5 37. Rf5 $5 Kd6 38.
Rxe5 Kxe5 39. g5 Ke6 40. h4 Kf7 41. Kg4 Rd8 42. h5 Rd4+ 43. Kf5 Rh4 (43... Rd5+
44. Kf4 Rd4+ 45. Be4 Rd1 46. h6 $18) 44. Bc4+ Kg7 45. h6+ Kh8 46. g6 $1 Rxh6
47. Kf6 $22 b5 48. Be6 1-0

[Event "St Petersburg-ch 78th"]
[Site "St Petersburg"]
[Date "2005.03.20"]
[Round "4"]
[White "Klimov, Sergey"]
[Black "Lugovoi, Aleksei"]
[Result "0-1"]
[WhiteElo "2509"]
[BlackElo "2552"]
[Annotator "Cifuentes Parada,L"]
[PlyCount "72"]
[EventDate "2005.03.17"]
[EventType "tourn"]
[EventRounds "11"]
[EventCountry "RUS"]
[EventCategory "10"]
[SourceTitle "CBM 106"]
[Source "ChessBase"]
[SourceDate "2005.06.06"]
[SourceVersion "1"]
[SourceVersionDate "2005.06.06"]
[SourceQuality "1"]

1. e4 d6 2. d4 Nf6 3. Nc3 e5 4. dxe5 dxe5 5. Qxd8+ Kxd8 6. Bg5 Be6 7. O-O-O+
Nbd7 ({La jugada} 7... Kc8 $5 {también es una jugada habitual, aunque puede
trasponer a la partida principal, por ejemplo:} 8. f4 $1 (8. Nf3 $6 Nbd7 9.
Bxf6 $6 (9. Nd2 Ng4 10. Bh4 Bc5 11. f3 Ne3 12. Re1 Nxf1 13. Rhxf1 c6 $15) (9.
Bh4 h6 10. Bg3 Bd6 11. Nd2 Re8 12. Nc4 Bb4 13. f3 Nh5 14. Bf2 Nf4 15. g3 Nh3
16. Be3 Ng5 17. Nd2 f6 18. a3 Bc5 19. Bxc5 Nxc5 20. b4 Nd7 21. h4 Nf7 22. Nc4
c6 23. Bh3 Bxh3 24. Rxh3 b5 25. Na5 Kc7 26. a4 a6 27. Nb3 Nd6 28. Rhh1 Nb7 29.
Rd3 Nb6 30. Rhd1 Rad8 31. Rxd8 Rxd8 32. Rxd8 {1/2-1/2 Hommeles,T-Cifuentes
Parada,R/NLD-ch op 1992 (32)}) 9... gxf6 10. Nh4 (10. Be2 c6 11. a3 Kc7 12. Kb1
b5 13. Rhf1 a5 14. Nh4 Nc5 15. Bf3 Rb8 16. Nf5 b4 17. axb4 axb4 18. Na2 b3 19.
cxb3 Nxb3 20. Nc3 Bc5 21. Ne3 Ra8 22. Rfe1 Rhb8 23. Rg1 Ra1+ 24. Kc2 Nd4+ 25.
Kd3 Ra7 26. Bg4 Rxb2 27. Rd2 Rxd2+ 28. Kxd2 Bb4 29. Rb1 Ra2+ 30. Kd3 Bxc3 31.
Bxe6 fxe6 32. Kxc3 Rxf2 33. Rf1 Rxf1 34. Nxf1 f5 35. Nd2 Nb5+ 36. Kd3 Nd6 37.
Ke3 c5 38. Nf3 f4+ 39. Kd3 c4+ 40. Kc2 Nxe4 41. Nxe5 Nd6 42. Kc3 Kd8 43. Nxc4
Nxc4 44. Kxc4 Ke7 45. Kd4 Kf6 46. Ke4 e5 47. h3 h6 48. g3 fxg3 49. Kf3 {
0-1 Comp Schaakmeester-Cifuentes Parada,R/The Hague 1996/EXT 2002 (49)}) 10...
Bc5 $1 11. f3 c6 12. Kb1 b5 13. Bd3 Nb6 14. Ne2 Kc7 15. Ng3 h5 $1 $15 16. Ngf5
Rhg8 17. g3 a5 18. Be2 Nc4 19. Bxc4 Bxc4 20. Rd2 Bb4 $1 21. c3 Bc5 22. Rhd1 Be6
23. Nd6 Rad8 24. Ndf5 Rxd2 25. Rxd2 b4 26. cxb4 Bxb4 27. Rd1 Bc5 28. Rd3 Bc8
29. Rc3 Bb4 30. Rc1 Rd8 $17 31. a3 Bf8 32. Kc2 Be6 33. Ng2 a4 34. Nge3 Bb3+ 35.
Kc3 Bc5 36. Nc4 Bd1 37. Ncd6 Bxf3 38. Nxf7 Rd7 39. N7h6 Bxe4 40. Re1 Bd5 41. g4
Bb6 {0-1 Hendriks,W-Cifuentes Parada,R/Netherlands 1996}) 8... exf4 9. Nf3 (9.
e5 h6 10. Bxf4 Ng4 11. Rd2 g5 12. Bg3 Nd7 13. Nf3 Ne3 $11 14. Nd4 Bb4 15. Nxe6
Bxc3 16. bxc3 fxe6 17. Be2 c6 18. Bh5 Nf5 19. Bf2 Kc7 20. Rhd1 Rhd8 21. Bf7 Ng7
22. Rd6 (22. Bg3 Nc5 23. Rd6) 22... Nf8 (22... Nxe5 23. Bg3 Rxd6 24. Bxe5 Nf5
25. g4 Kd7 26. gxf5 Rxd1+ 27. Kxd1 exf5 $13) 23. g4 Rd7 24. Bg8 b6 25. Bg3 Re8
26. Rxd7+ Nxd7 27. Bh7 Rf8 28. Be4 h5 29. h3 h4 30. Bh2 Rf2 31. Bg1 Rf4 32. Bg2
Rf7 33. Be4 Rf4 34. Bg2 Rf7 35. Be4 Rf4 36. Bg2 Rf7 {1/2-1/2 Blauert,
J-Cladouras,P/Germany 2003/EXT 2004}) 9... Nbd7 10. Bxf4 Bc5 $1 {Traspone a la
partida modelo.}) 8. f4 (8. g3 Kc8 9. f4 h6 10. f5 (10. Bh4 $6 g5 $1 (10... Rg8
$6 11. f5 g5 12. fxe6 fxe6 13. Bc4 (13. Bxg5 hxg5 14. Bc4 Nc5 15. Nf3 Nfd7 16.
b4 Nb6 17. Nxe5 $16) 13... gxh4 14. Bxe6 hxg3 15. hxg3 Rxg3 16. Nge2 Rf3 17.
Nd5 Nxd5 18. Rxd5 Bd6 19. Rxh6 Kd8 20. Rh7 Rf1+ 21. Kd2 Nf6 22. Rh8+ Ke7 23.
Rxa8 Kxe6 24. Rd3 Nxe4+ 25. Ke3 Kf5 26. Rd5 Rh1 27. Kd3 c6 28. Rxd6 Rh3+ 29.
Kc4 Nxd6+ 30. Kc5 Ne4+ 31. Kb4 Rh2 32. Rf8+ Ke6 33. Nc3 a5+ 34. Kb3 Nxc3 35.
Kxc3 Kd5 36. Rb8 b5 37. Rd8+ Kc5 38. Re8 b4+ 39. Kd3 Rh3+ 40. Ke4 Rh2 41. Rxe5+
Kc4 42. Re6 c5 43. b3+ Kb5 44. Kd3 Rh3+ 45. Kd2 Rh2+ 46. Kd3 Rh7 47. Re8 Rd7+
48. Ke2 c4 49. Rb8+ Kc5 50. Rc8+ Kd4 51. Rxc4+ Kd5 52. Rh4 Re7+ 53. Kd3 Kc5 54.
Rh5+ Kb6 55. Rh6+ Kb5 56. Rh5+ Kb6 57. c3 Rd7+ 58. Kc2 Rg7 59. cxb4 Rg2+ 60.
Kc3 axb4+ 61. Kxb4 Rxa2 62. Rh6+ Kb7 63. Kb5 Rf2 64. b4 Rf5+ 65. Ka4 Rg5 66. b5
Rf5 67. Ka5 Rf1 68. Rh7+ Kb8 69. Ka6 Rf6+ 70. b6 Rf8 71. Re7 Rh8 72. Ra7 Rg8
73. Rf7 Rh8 74. Rf5 Rg8 75. Rb5 Rg1 76. b7 Rg6+ 77. Ka5 Rg7 78. Ka6 Rg6+ 79.
Rb6 Rxb6+ 80. Kxb6 {1/2-1/2 Krege,S-Wolf,C/playchess.com INT 2004/EXT 2005})
11. fxg5 Ng4 12. Bh3 Nf2 (12... Rg8 13. gxh6 Bxh6+ 14. Kb1 Nf2 15. Bxe6 fxe6
16. Nf3 Nxh1 17. Rxh1 c6 $15) 13. Bxe6 fxe6 14. Nf3 Nxh1 15. Rxh1 c6 16. Kd1
Kc7 17. g4 Be7 18. g6 Bxh4 19. Nxh4 Rhg8 20. Ke2 Raf8 21. Rd1 Rf6 22. Rg1 Rf4
$2 (22... Nf8 $1 $17) 23. Ke3 Nf6 24. h3 Nd7 25. Ne2 Rff8 26. g5 hxg5 27. Rxg5
Kd6 28. Ng3 b5 29. Nh5 Nf6 30. Ng3 Nd7 31. Nh5 Nf6 32. Ng3 Nd7 33. Nh5 Nf6 {
1/2-1/2 Mellado Trivino,J-Campora,D/Leon 1997}) 10... hxg5 11. fxe6 fxe6 12.
Bc4 g4 13. Bxe6 c6 14. Nge2 (14. h4 Kc7 15. Nge2 Be7 $11) 14... Kc7 15. h3 {
1/2-1/2 Kiselev,S-Moldovan,D/Bucharest 1993}) (8. Nf3 Kc8 {Ver comentario a la
jugada 7..,Cbd7 (7..,Rc8 8.Cf3 Cbd7)}) 8... exf4 9. Nf3 (9. Nge2 Bd6 10. Nxf4
h6 11. Nxe6+ fxe6 12. Bh4 Ke7 13. Bd3 a6 14. h3 Rhf8 $11) 9... Kc8 $1 (9... h6
$143 10. Bxf4 Bc5 (10... c6 11. Nd4 (11. h3 $6 Bb4 $1 12. Nd4 (12. Bd3 Ke7 13.
Nd4 Bxc3 $2 (13... Bd6 $1 $10 {Nevednichy/}) 14. bxc3 Nc5 15. Rhe1 Rhd8 16. g4
$1 Rd7 17. Nf5+ Bxf5 18. gxf5 $14 {Liss,E-Nevednichy,V/Biel/1994/0:1/42/})
12... Bxc3 13. Nxe6+ fxe6 14. bxc3 Nxe4 15. Bc4 Re8 16. Rhe1 Nxc3 17. Rd6 Nd5
$15) (11. a3 Bc5 12. Nd4 Bg4 13. Be2 Bxe2 14. Ndxe2 Ng4 15. Na4 Be7 16. Rhf1
Ke8 17. h3 Nge5 $10 {Maljutin,E-Titov,G/Azov/1991/0,5/68/}) 11... Bb4 12. e5 (
12. Nxe6+ fxe6 13. Bd3 Ke7 14. Ne2 Ng4 15. Rdf1 Bc5 16. Bg3 Rhf8 $17 {Biolek,
R-Malaniuk,V/Katowice/1992/0:1/32/}) 12... Bxc3 (12... Nd5 13. Nxd5 Bxd5 14.
Nf5 $16) (12... Nh5 13. Nxe6+ fxe6 14. Bd2) 13. exf6 Bxd4 14. Rxd4 gxf6 15. Be2
Ke8 16. Rf1 h5 17. Bg3 $44 Rh6 18. Rh4 Ke7 19. Rxh5 Rxh5 20. Bxh5 Rh8 21. Be2
Ne5 22. Re1 Bd5 23. Bf1 b5 24. h3 Ke6 25. Bf4 Kf5 26. Be3 Kg6 27. b3 Re8 28.
Bxa7 Ra8 29. Bd4 Rxa2 30. Kb1 Ra8 31. Bxe5 fxe5 32. Rxe5 $16 Kf6 33. Re2 (33.
Re3) 33... Rg8 34. Rf2+ Ke5 35. g4 Kd4 36. Kc1 Kc3 37. Rd2 Be4 38. Re2 f5 $132
39. Bg2 Ra8 40. Kb1 Bxg2 41. Rxg2 f4 42. g5 Kd4 43. g6 f3 44. Rg5 Ke4 45. Rg4+
Ke3 46. Rg5 f2 47. Rf5 Rg8 48. Rf6 Ke2 {0-1 De la Paz,F-Hernandez,H/Havana 2003
}) 11. h3 $1 Nh5 12. Bh2 Be3+ 13. Kb1 Bf4 14. g4 Bxh2 15. Rxh2 Nf4 16. Nd4 {
La diferencia con la Partida Modelo es que el negro ha jugado h7-h6 en vez de
haber alejado el rey de la columna dama (Rd8-c8). La diferencia tiene su
importancia pues el rey negro aún debe perder tiempo y h7-h6 no parece de
mucha utilidad.} Ke7 (16... c6 $2 17. Rhd2 $18) (16... Ng6 17. Nf5 Rg8 18. Nd5
Nge5 19. Rhd2 c6 20. Nd6 Rb8 21. Be2 h5 22. Nf4 hxg4 23. Nxe6+ fxe6 24. Bxg4
Ke7 25. Nc4 Rbd8 26. Nxe5 Nxe5 27. Rxd8 Rxd8 28. Rxd8 Kxd8 29. Bxe6 Ke7 30. Bc8
b6 31. Kc1 Nf7 32. Bg4 Kd6 33. Kd2 Ke5 34. Kd3 Kf4 35. Kd4 Ne5 36. Be2 Nf7 37.
h4 Nd6 38. Bd3 Nf7 39. b4 Ne5 40. Be2 Ng6 41. b5 Ne7 42. bxc6 Nxc6+ 43. Kd5
Nb4+ 44. Ke6 Nxc2 45. Kf7 Nd4 46. Bd3 Kg4 47. Kxg7 Kxh4 48. Kf6 Kg4 49. e5 Kf4
50. e6 Nxe6 51. Kxe6 $18 Ke3 52. Bb5 Kd4 53. Kd6 Kc3 54. Kc6 Kb4 55. a4 Ka5 56.
Kb7 a6 57. Kc6 {1-0 Milov,V-Lorscheid,G/Amsterdam 2000/CBM 077 ext}) 17. Nd5+
$1 Bxd5 (17... Nxd5 $2 18. exd5 Bxd5 19. Nf5+ $18) 18. exd5 Nb6 (18... Nxd5 $2
19. Nf5+ $18) 19. d6+ (19. c4) 19... Kxd6 20. Rf2 g5 21. Ne2+ Nfd5 (21... Ke5
22. Nxf4 gxf4 23. Re1+ $16) 22. Bg2 Kc5 23. Rf5 (23. b4+ $1 Nxb4 24. Rf5+ $18)
23... c6 24. b3 Rhe8 25. Nc1 Kb4 26. Kb2 Nc4+ 27. bxc4 Ne3 28. Nd3+ Ka4 29.
Nc5+ Ka5 30. Nb3+ Ka6 31. Rd7 Nxf5 32. gxf5 f6 33. Nc5+ Kb6 34. Nxb7 Re1 35.
c5+ Kb5 36. a4+ {1-0 Grosar,A-Stojanovski,D/Bled 2002}) 10. Bxf4 Bc5 $1 (10...
Bb4 11. Nb5 Ba5 (11... Nxe4 $2 12. Nxc7 Nf2 13. Rd4 $1 Bc5 (13... Nxh1 14. Rxb4
a5 15. Re4 Nc5 16. Re1 Ra7 17. Nxe6 fxe6 18. Be3 b6 19. Bb5 $18) 14. Rg1 Bxd4
15. Nxd4 Nb6 16. Ndxe6 fxe6 17. Nxa8 Nxa8 18. Bc4 $18) 12. Ng5 Re8 13. Bd3 Nc5
14. Nxe6 Nxe6 15. Bg3 a6 16. Na3 Nh5 17. Rdf1 (17. Nc4 $142 Bb4 18. Be1 Bxe1
19. Rhxe1 Nhf4 20. Bf1 $14) 17... Nxg3 18. hxg3 Ng5 19. Rf5 Bb6 20. Nc4 h6 21.
c3 {1/2-1/2 Mannion,S-Shaw,J/Edinburgh 1996}) (10... Ng4 $2 11. Nb5 $1 Nf2 12.
Nxc7 Nxh1 13. Nxa8 Nf2 14. Rd4 $1 Bc5 15. Ra4 Ng4 (15... Rd8 16. Be2 b5 17.
Bxb5 Kb7 18. Nc7 (18. b4 $5 Rxa8 19. Ba6+ Kb6 20. bxc5+ Nxc5 21. Be3 Ng4 22.
Bd4 Kc6 23. Ra5 Nxa6 24. Rxa6+ Kb7 25. Ra5 $16) 18... Nb6 19. Ba6+ Kc6 20. Nd5
$5 Bxd5 21. Ne5+ Kd6 22. Ra5 Nxe4 23. Nxf7+ Ke7 24. Nxd8 Kxd8 25. Bd3 Bg1 26.
Rxa7 Nd7 27. Ra5 Nef6 28. Bf1 h6 29. c4 Be4 30. b4 g5 31. Bg3 Nh5 32. c5 Nxg3
33. hxg3 h5 34. Ra3 Kc7 35. Ra7+ Kd8 36. Bb5 Ne5 37. Rg7 g4 38. Rg5 Nd3+ 39.
Bxd3 Bxd3 40. Rd5+ Kc7 41. Rxd3 Bf2 42. Kc2 Kc6 43. Kb3 {1-0 Maljutin,
E-Komliakov,V/Azov 1991/CBM 025}) 16. Nc7 Be3+ 17. Bxe3 Nxe3 18. Nxe6 fxe6 19.
Be2 Nxg2 20. Rxa7 $16 Nf4 21. Ra8+ Nb8 22. Kd2 h6 23. Ke3 g5 24. Nd4 Kc7 25. e5
Rh7 26. Nb5+ Kb6 27. Rxb8 Nxe2 28. Nd6 Nf4 29. c4 Rg7 30. b4 h5 31. a4 h4 32.
Rc8 Rc7 33. a5+ Kc6 34. b5+ Kd7 35. Rg8 {1-0 Cifuentes,R-Reinderman,D/ Holanda
(ch) 1996}) 11. h3 (11. e5 Ng4 12. Ne4 Be3+ 13. Bxe3 Nxe3 14. Re1 Nxf1 15.
Rhxf1 Kd8 $1 16. Neg5 (16. Nh4 Ke7 17. Nf5+ Bxf5 18. Rxf5 h6) 16... Ke7 17. Nd4
h6 18. Ngxe6 fxe6 19. Rf3 Rhf8 $11 {Vaisser,A-Rausis,I/Hyeres 1992}) (11. Be2
h6 12. e5 (12. h3 Nh5 13. Bh2 Be3+ 14. Kb1 Bf4 15. g4 Bxh2 16. Rxh2 Nf4 $11)
12... Ng4 13. Ne4 Be3+ 14. Bxe3 Nxe3 $11) 11... Nh5 12. Bh2 Be3+ 13. Kb1 Bf4
14. g4 Bxh2 15. Rxh2 Nf4 16. Rhd2 $2 (16. Rf2 c6 17. Nd4 g5 18. Nce2 Nxe2 19.
Bxe2 Rf8 $8) 16... c6 $1 17. Ng5 Ne5 18. Rf2 f6 $1 19. Nf3 (19. Rxf4 fxg5 20.
Rf2 Kc7 $15) 19... Nxf3 20. Rxf3 Ng6 $15 21. Ne2 Kc7 22. Nd4 Rae8 23. Nf5 Rhg8
24. Rf2 Ne5 25. Be2 Rd8 $1 26. Rff1 (26. Rxd8 Kxd8 27. h4 g6 28. Ne3 Ke7 29. b3
Rd8 30. c3 (30. Kc1 Rd4) 30... Nd3 31. Rf1 Nc5 32. Bf3 Rd3 33. Nd1 Nd7 $19)
26... Rxd1+ 27. Rxd1 g6 28. Ne3 Rd8 ({También es posible:} 28... Re8 $5 {
[%csl Ye4] con la idea de maniobrar con las piezas para presionar el peón
blanco ubicado en e4 (Nd7-c5, Bf7).}) 29. Rxd8 (29. Rf1 $2 Rd4 $1 30. Rf4 (30.
Rxf6 Rxe4 31. Rxe6 Rxe3 32. Bd1 Re1 33. Kc1 Nd3+ $19) 30... g5 31. c3 Bxa2+ 32.
Kc2 (32. Kxa2 Ra4+ 33. Kb3 gxf4 34. Kxa4 fxe3 $19) 32... Rd2+ $1 33. Kxd2 gxf4
34. Nf5 Kd7 $19) 29... Kxd8 30. a3 Ke7 31. Kc1 Nf7 {/\Ng5} 32. Nd1 f5 $2 {
Una jugada precipitada.} ({Más problemas creaba al blanco, la jugada} 32... Kd6
$5 33. Kd2 Ke5 34. Ke3 {y ahora} f5 $1 35. exf5 gxf5 36. gxf5 (36. Nf2 f4+ 37.
Kd2 Ng5 38. Nd3+ Ke4 39. Nf2+ Kd5 $15) 36... Bxf5 37. Bd3 Bxd3 38. cxd3 (38.
Kxd3 Kf4) 38... Ng5 39. Nf2 (39. h4 Ne6 40. Nf2 h5 $17) 39... c5 40. h4 Ne6 41.
Ne4 b6 $15 {y en el final de caballos las negras tienen mejores perspectivas.})
33. exf5 gxf5 34. Ne3 fxg4 35. Nxg4 Ng5 36. Nf2 $4 {Un error increíble.} (36.
h4 $8 Ne4 37. Bf3 Nd6 $1 38. Ne3 (38. Kd2 Bxg4 39. Bxg4 Kf6 40. Kd3 Nf5 41. h5
Kg5 $15) 38... Kf6 39. Kd2 Ke5 $15 {x Ph4}) 36... Nxh3 0-1

[Event "ITA-chT32nd fin"]
[Site "Castel Lagopesole"]
[Date "2000.05.14"]
[Round "2.2"]
[White "Godena, Michele"]
[Black "Delchev, Aleksander"]
[Result "0-1"]
[WhiteElo "2540"]
[BlackElo "2560"]
[Annotator "Delchev/Kostakiev"]
[PlyCount "98"]
[EventDate "2000.05.14"]
[EventType "team"]
[EventRounds "2"]
[EventCountry "ITA"]
[SourceTitle "EXT 2002"]
[Source "ChessBase"]
[SourceDate "2001.11.25"]
[SourceVersion "1"]
[SourceVersionDate "2001.11.25"]
[SourceQuality "1"]
[WhiteTeam "Marostica CS"]
[BlackTeam "Reggio Emilia"]
[WhiteTeamCountry "ITA"]
[BlackTeamCountry "ITA"]

1. e4 g6 2. d4 Bg7 3. c3 d6 4. Nf3 Nf6 (4... Nd7 5. Na3 (5. Bd3 e5 6. O-O Ne7
7. Bg5 O-O 8. Re1 {0-1 Kmoch,H-Zimpel,L/Wien 1921/EXT 99 (26)}) (5. Nbd2 e5 6.
dxe5 dxe5 7. Be2 {1-0 Petrosian,T-Barendregt,J/Copenhagen 1960/EXT 98 (40)})
5... e5 6. Bc4 Qe7 7. O-O Nb6 {1/2-1/2 Blackburne,J-Von Bardeleben,C/London
1895/EXT 99 (58)}) 5. Bd3 O-O 6. O-O Nc6 7. Re1 e5 8. h3 h6 $1 9. Na3 (9. Be3
d5 $1 $11) 9... Bd7 (9... Nh5 10. Bb5 Bd7 {1/2-1/2 Godena,M-Belotti,B/Mantova
1996/EXT 98 (47)}) 10. Bd2 $146 (10. Nc2 Re8 11. Bd2 Nh5 {1/2-1/2 Hansen,S-Hoi,
C/Torshavn 1997/CBM 56 ext (30)}) 10... Nh5 (10... Re8 $142 $11) 11. Nc2 {
(/\b4 |^ <<)} a5 $1 {(פc2)} 12. a4 {(/\Na3 ><b5)} Kh7 {(><h6)} 13. Bb5 Re8 $1
{(><e4)} 14. Rc1 Nf6 $1 {(/\15d5Nb8<=>)} 15. Bd3 $5 {(/\Na3-b5)} Re7 $5 {
(/\Qe8><e4)} 16. Na3 (16. d5 Nb8 17. Ra1 c6 (17... Qe8 18. Ne3 $14 {(/\b4)})
18. c4 Na6 $11) 16... exd4 17. cxd4 (17. Nxd4 d5 $11) 17... Nb4 18. Bb1 d5 $5
19. e5 Ne4 20. Bxe4 dxe4 21. Rxe4 Bc6 $44 22. Rh4 (22. Rg4 $142 $14) 22... Rd7
23. g3 $8 Bd5 {(/\Nc6-e7-f5)} (23... Bxf3 $142 24. Qxf3 Rxd4 25. Rxd4 (25. Bxh6
Rxh4 26. Bxg7 Rxh3 27. Qxf7 Qd5) 25... Qxd4 $11) 24. Nb5 Nc6 $44 25. Be3 Ne7
26. e6 $2 $138 (26. Nc3 Nf5 27. Rf4 Be6 28. g4 Nxe3 29. fxe3 $14) (26. Bg5 Kg8
27. Bxe7 Qxe7 28. Nc3 Bc6 $44) 26... fxe6 27. Bxh6 $2 Nf5 (27... Bxh6 $4 28.
Ng5+ Kg7 29. Rxh6 $18) 28. Bg5+ Nxh4 29. Bxh4 (29. Bxd8 Nxf3+ 30. Kf1 Raxd8 $19
) (29. gxh4 Qf8 $19) 29... Bxf3 30. Qxf3 g5 $19 31. Qh5+ Bh6 32. Re1 Ra6 33. d5
Rxd5 $6 $138 (33... exd5 $142 34. Re8 Qf6 $19) 34. Qf7+ Kh8 35. Nxc7 gxh4 36.
Nxa6 Rd1 37. Rxd1 $2 (37. Qxe6 $17) 37... Qxd1+ 38. Kh2 hxg3+ 39. Kxg3 Qd6+ $19
40. f4 bxa6 41. Qf6+ Bg7 42. Qg6 Qd5 43. Qc2 Qf5 44. Qc8+ Kh7 45. Qxa6 Bxb2 46.
Qb7+ Bg7 47. Qd7 Qd5 48. Qf7 Qd3+ 49. Kh4 Qg6 0-1

[Event "RUS-ch"]
[Site "Elista"]
[Date "1995.??.??"]
[Round "11"]
[White "Smagin, Sergey"]
[Black "Namgilov, Sogto"]
[Result "1-0"]
[WhiteElo "2545"]
[BlackElo "2425"]
[Annotator "Dolmatov,S"]
[PlyCount "95"]
[EventDate "1995.10.??"]
[EventType "swiss"]
[EventRounds "11"]
[EventCountry "RUS"]
[SourceTitle "CBM 050"]
[Source "ChessBase"]
[SourceDate "1996.02.01"]
[SourceVersion "1"]
[SourceVersionDate "1996.02.01"]
[SourceQuality "1"]

1. e4 d6 2. d4 Nf6 3. Bd3 g6 4. c3 Bg7 5. Nf3 O-O 6. O-O Nc6 7. Re1 e5 8. h3 h6
9. Na3 Re8 (9... Nh5 10. Be3 a6 11. Kh2 Qf6 12. Bf1 $14 {Smirin,I-Bologan,V/
Debrecen/1992/ Inf 56/130/}) 10. Nc2 Nh5 (10... d5 11. exd5 Qxd5 12. Ne3 Qd8
13. Bb5 $14 {Smagin,S-Svidler,P/St-Peterburg/1994/}) 11. a4 (11. Bf1 $5 Nf4 12.
Kh2 $14) 11... Nf4 (11... Bd7 12. a5 a6 13. Bf1 $14) 12. Bxf4 exf4 13. b4 Ne7
$6 (13... a6 $5 14. Qd2 g5 15. Re2 Bd7 16. Rae1 $14) 14. e5 Be6 15. a5 a6 16.
Qd2 g5 17. Na3 d5 $2 (17... dxe5 18. Nxe5 Nf5 $13) 18. Nb1 (18. Qc2 $5 Qd7 19.
Nb1) 18... Ng6 19. Qc2 Kh7 20. Nh2 h5 21. Be2 g4 (21... Kh6 22. Qd1) 22. hxg4
hxg4 23. Bxg4 Bxg4 24. Nxg4 Qg5 25. Nh2 (25. f3 $6 f5 26. Nh2 Nh4) 25... f6 26.
Nf3 Qh5 27. Nbd2 $1 (27. exf6 Rxe1+ 28. Nxe1 Bxf6 29. Nd2 Kg7 30. Qd1 Qh6 $13)
27... fxe5 28. dxe5 Bxe5 29. Nxe5 Rxe5 30. Rxe5 Qxe5 31. Nf3 $16 Qf6 32. Re1
Kh8 (32... Kg7 33. Nd4 Ne5 34. Qe2 Re8 35. Qh5 $18) 33. Qd1 Rd8 34. Nd4 Qh4 35.
Nf5 (35. Qd3 Qh5 36. Ne6) (35. Ne6 Rd7 36. Qd4+ $16) 35... Qf6 36. Qh5+ Kg8 37.
Nd4 Qf7 38. Nf5 Qf6 39. Nd4 Rd6 $18 (39... Qf7 40. Re6 $18) 40. Re8+ Nf8 41.
Re5 Qf7 42. Rg5+ Rg6 43. Rxd5 Qg7 44. Qf3 Qe7 45. Rh5 c6 46. Nf5 Qe1+ 47. Kh2
Ne6 48. Ne7+ 1-0